000
00253nam a2200109Ia 4500
008
190216s9999||||xx |||||||||||||| ||und||
100
_a
Nisar Ahmad
245
0
_a
Management Accounting
260
_b
Anmol Publications
_c
2000
300
_a
471p
942
_c
BK
999
_c
5805
_d
5805